000 01122nam a2200277Ia 4500
001 Para_2672
003 CHAP
008 220125s1934 xx 000 0 und d
010 _a201206
040 _cCHAP
082 _aPA-C 595.752 A54
100 _aTakahaski, Ryoichi
_9166080
245 _aObservations on the coccidae of Formosa, pte. IV /
_c by Ryoichi Takahashi
260 _aFormosa :
_b Dept. of Agric. Gover Research Inst.
300 _a38 p.
440 _aAleyrodidae; 15
_9166078
500 _aSobretiro de: Formosa. Department of Agriculture Government Research Institute Formosa, Japan Report; 63. Encuadernado con: Notes on the english and american rades of the greenhouse white-Fly (Trialeurodes vaporarium) by Franz Schrader 70-139
650 _aAleurodidae
_x Colecciones de escritos Coccidae
_x Formosa I. Formosa. Department of Agriculture Government Research Institute. Report; 63
_9166081
901 _aPA-C 595.752 A54
902 _aA
905 _a0000001934 FOR 0000000000 00
910 _a1934
942 _cPARA
942 _cPARA
_d1
999 _c201206
_d201206